Top 25 most subscribed YouTube channels Quiz Stats

 Plays Quiz not verified by Sporcle

Also try: Click-an-Antihero
Challenge
Share
Tweet
Embed
Score 0/25 Timer 05:00
0 Plays Today
Rank Channel Name % Correct
1PewDiePie
88.5%
2Smosh
55.7%
6nigahiga
37.7%
5Jenna Marbles
34.4%
14JustinBieberVEVO
29.5%
7OneDirectionVEVO
27.9%
4RihannaVEVO
24.6%
3HolaSoyGerman
19.7%
11KatyPerryVEVO
19.7%
8RayWilliamJohnson
18%
18TaylorSwiftVEVO
18%
10EminemVEVO
16.4%
19TheFineBros
16.4%
Rank Channel Name % Correct
9Machinima
9.8%
15SkyDoesMinecraft
9.8%
13TheEllenShow
8.2%
22FreddieW
8.2%
23officialpsy
8.2%
24TheSyndicateProject
6.6%
16Werevertumorro
4.9%
17Porta dos Fundos
4.9%
21Skrillex
4.9%
12Epic Rap Battles of History
3.3%
20Rooster Teeth
3.3%
25YOGCAST Lewis
0%

You're not logged in!

Compare scores with friends on all Sporcle quizzes.
Join for Free
OR
Log In

You Might Also Like...

Show Comments

Extras

Top Quizzes Today


Score Distribution

Your Account Isn't Verified!

In order to create a playlist on Sporcle, you need to verify the email address you used during registration. Go to your Sporcle Settings to finish the process.

Report this User

Report this user for behavior that violates our Community Guidelines.

Details: